Information services for people with developmental disabilities : the library manager's handbook / (Record no. 896)

000 -LEADER
fixed length control field 01326pam a2200301 a 4500
001 - CONTROL NUMBER
control field 3487123
003 - CONTROL NUMBER IDENTIFIER
control field OSt
005 - DATE AND TIME OF LATEST TRANSACTION
control field 20140116120841.0
008 - FIXED-LENGTH DATA ELEMENTS--GENERAL INFORMATION
fixed length control field 940602s1995 ctu b 001 0 eng
010 ## - LIBRARY OF CONGRESS CONTROL NUMBER
LC control number 94022016
020 ## - INTERNATIONAL STANDARD BOOK NUMBER
International Standard Book Number 0313287805 (alk. paper)
040 ## - CATALOGING SOURCE
Original cataloging agency DLC
Transcribing agency DLC
Modifying agency DLC
043 ## - GEOGRAPHIC AREA CODE
Geographic area code n-us---
050 00 - LIBRARY OF CONGRESS CALL NUMBER
Classification number Z711.92.D48 I64 1995
082 00 - DEWEY DECIMAL CLASSIFICATION NUMBER
Classification number 027.6/63/0973
Edition number 20
245 00 - TITLE STATEMENT
Title Information services for people with developmental disabilities : the library manager's handbook /
Statement of responsibility, etc edited by Linda Lucas Walling and Marilyn M. Irwin.
260 ## - PUBLICATION, DISTRIBUTION, ETC. (IMPRINT)
Place of publication, distribution, etc Westport, Conn. :
Name of publisher, distributor, etc Greenwood Press,
Date of publication, distribution, etc 1995.
300 ## - PHYSICAL DESCRIPTION
Extent xxi, 344 p. ;
Dimensions 25 cm.
440 #4 - SERIES STATEMENT/ADDED ENTRY--TITLE
Title The Greenwood library management collection,
International Standard Serial Number 0894-2986
504 ## - BIBLIOGRAPHY, ETC. NOTE
Bibliography, etc Includes bibliographical references (p. [307]-308) and index.
505 ## - FORMATTED CONTENTS NOTE
Formatted contents note Part One: Developmental disabilities: lifelong, severe and alterable---Part Two: the issues---Part Three: Library and information services.
650 #0 - SUBJECT ADDED ENTRY--TOPICAL TERM
Topical term or geographic name as entry element Libraries and the developmentally disabled
Geographic subdivision United States.
700 1# - ADDED ENTRY--PERSONAL NAME
Personal name Walling, Linda Lucas,
Dates associated with a name 1939-
700 1# - ADDED ENTRY--PERSONAL NAME
Personal name Irwin, Marilyn M.
Fuller form of name (Marilyn Money),
Dates associated with a name 1950-
906 ## - LOCAL DATA ELEMENT F, LDF (RLIN)
a 7
b cbc
c orignew
d 1
e ocip
f 19
g y-gencatlg
942 ## - ADDED ENTRY ELEMENTS (KOHA)
Source of classification or shelving scheme
Koha item type Book
Holdings
Withdrawn status Lost status Source of classification or shelving scheme Damaged status Not for loan Home library Current library Date acquired Total Checkouts Full call number Barcode Date last seen Copy number Price effective from Koha item type
          Riara University Library Riara University Library 29/03/2012   Z711.92.D48 I64 1995 3205/11 29/03/2012 C.1 29/03/2012 Book
          Riara University Library Riara University Library 29/03/2012   Z711.92.D48 I64 1995 3204/11 29/03/2012 C.2 29/03/2012 Book
          Riara University Library Riara University Library 29/03/2012   Z711.92.D48 I64 1995 3206/11 29/03/2012 C.3 29/03/2012 Book

Riara University Library,
P.O. Box 49940-00100,
Nairobi, Kenya.